[Event "4NCL Online Division 3"]
[Site "online"]
[Date "2020.04.21"]
[Round "3.104"]
[White "Porter, James D"]
[Black "Huseletov, Stanislav"]
[Result "1/2-1/2"]
[WhiteElo "1749"]
[BlackElo "1810"]
[PlyCount "112"]
[EventDate "2020.04.21"]
[WhiteTeam "3 Smarties 1 Tube"]
[BlackTeam "Nottingham University 1"]

1. f4 d5 2. Nf3 Bf5 3. e3 c5 4. Bb5+ Nd7 5. Nc3 a6 6. Bxd7+ Qxd7 7. Ne5 Qd6 8.
Qh5 Bg6 9. Nxg6 Nf6 10. Qe5 hxg6 11. Qxd6 exd6 12. b3 Be7 13. Bb2 b5 14. a3 Kf8
15. h3 Ne4 16. Nxd5 Bh4+ 17. Ke2 Ng3+ 18. Kf3 Nxh1 19. Rxh1 Bd8 20. g3 f5 21.
g4 Kf7 22. g5 Rc8 23. h4 c4 24. b4 a5 25. Bc3 Ra8 26. Rh2 Rg8 27. Bd4 Ke6 28.
Nc3 axb4 29. axb4 Rb8 30. h5 gxh5 31. Rxh5 Be7 32. Rh7 g6 33. Ba7 Rb7 34. Bd4
d5 35. Bf6 Rgb8 36. Rxe7+ Rxe7 37. Bxe7 Kxe7 38. Nxd5+ Kd6 39. e4 fxe4+ 40.
Kxe4 Re8+ 41. Kd4 Re2 42. Nc3 Rxd2+ 43. Ke4 Rxc2 44. Nxb5+ Ke7 45. Kd4 Rf2 46.
Kxc4 Rxf4+ 47. Nd4 Rg4 48. b5 Rxg5 49. b6 Kd7 50. b7 Kc7 51. Ne6+ Kxb7 52. Nxg5
Kc6 53. Kd4 Kd6 54. Ke4 Ke7 55. Ke5 Kf8 56. Kf6 Kg8 1/2-1/2

[Event "4NCL Online Division 3"]
[Site "online"]
[Date "2020.04.21"]
[Round "3.111"]
[White "Rooney, Steve"]
[Black "Davies, Neil"]
[Result "0-1"]
[WhiteElo "1907"]
[BlackElo "1937"]
[PlyCount "54"]
[EventDate "2020.04.21"]
[WhiteTeam "Shropshire 2"]
[BlackTeam "Mushrooms 2"]

1. d4 d5 2. Bf4 Nf6 3. e3 Bf5 4. Nd2 e6 5. Ngf3 Bd6 6. Ne5 Nbd7 7. h3 Ne4 8. c3
O-O 9. Be2 f6 10. Nxd7 Qxd7 11. f3 Bxf4 12. exf4 Ng3 13. Rg1 Qd6 14. Nf1 Qxf4
15. Bd3 Nxf1 16. Kxf1 c6 17. Qc2 Bxd3+ 18. Qxd3 e5 19. g3 Qh6 20. c4 e4 21.
fxe4 dxe4 22. Qxe4 Rae8 23. Qf4 Qxh3+ 24. Kf2 Qh2+ 25. Rg2 Re2+ 26. Kxe2 Qxg2+
27. Qf2 Re8+ 0-1

[Event "4NCL Online Division 3"]
[Site "online"]
[Date "2020.04.21"]
[Round "3.112"]
[White "Fenwick, Hugh F"]
[Black "Clark, Matthew D H"]
[Result "1/2-1/2"]
[WhiteElo "1907"]
[BlackElo "1892"]
[PlyCount "74"]
[EventDate "2020.04.21"]
[WhiteTeam "Mushrooms 2"]
[BlackTeam "Shropshire 2"]

1. c4 Nf6 2. g3 g6 3. Bg2 Bg7 4. Nf3 d6 5. Nc3 O-O 6. O-O Nbd7 7. d3 c6 8. e4
e5 9. Rb1 a5 10. Bg5 h6 11. Bd2 Re8 12. Qc2 Nc5 13. Rbe1 Be6 14. b3 Qd7 15. Be3
Bh3 16. d4 exd4 17. Bxd4 Bxg2 18. Kxg2 Ne6 19. Be3 Ng4 20. Bd2 h5 21. h3 Ne5
22. Nxe5 Bxe5 23. Be3 Qe7 24. f4 Bg7 25. Qd2 Nc5 26. Bd4 Rad8 27. Bxg7 Kxg7 28.
f5 Qe5 29. Qc2 h4 30. gxh4 Rh8 31. fxg6 fxg6 32. Rf3 Rdf8 33. Ref1 Rxf3 34.
Rxf3 Ne6 35. Qf2 Rf8 36. Rxf8 Nxf8 37. Qg3 Nd7 1/2-1/2

[Event "4NCL Online Division 3"]
[Site "online"]
[Date "2020.04.21"]
[Round "3.113"]
[White "Kolbusz, George"]
[Black "Joslin, Tim"]
[Result "0-1"]
[WhiteElo "1892"]
[BlackElo "1870"]
[PlyCount "44"]
[EventDate "2020.04.21"]
[WhiteTeam "Shropshire 2"]
[BlackTeam "Mushrooms 2"]

1. d4 Nf6 2. c4 e5 3. dxe5 Ng4 4. Nf3 Nc6 5. Bf4 Bb4+ 6. Nbd2 Qe7 7. e3 Ngxe5
8. Nxe5 Nxe5 9. Be2 O-O 10. O-O Ng6 11. Bg3 Bd6 12. Bxd6 Qxd6 13. Ne4 Qe7 14.
Nc3 c6 15. Qd4 d6 16. Rad1 Rd8 17. Bh5 Nh4 18. e4 Qg5 19. g3 Qxh5 20. gxh4 Qg4+
21. Kh1 Qf3+ 22. Kg1 Bh3 0-1

[Event "4NCL Online Division 3"]
[Site "online"]
[Date "2020.04.21"]
[Round "3.114"]
[White "Sedgwick, David"]
[Black "Tarr, Steve F"]
[Result "1-0"]
[WhiteElo "1840"]
[BlackElo "1817"]
[PlyCount "93"]
[EventDate "2020.04.21"]
[WhiteTeam "Mushrooms 2"]
[BlackTeam "Shropshire 2"]

1. e4 c5 2. c3 d5 3. exd5 Nf6 4. d4 Nxd5 5. dxc5 e6 6. c4 Nb4 7. a3 Qxd1+ 8.
Kxd1 N4c6 9. b4 a5 10. b5 Nd4 11. Be3 Bxc5 12. Nd2 O-O 13. Ne2 Rd8 14. Nxd4
Bxd4 15. Bxd4 Rxd4 16. Kc2 e5 17. Bd3 f5 18. f3 a4 19. Rae1 Nd7 20. g4 Nc5 21.
Bxf5 Bxf5+ 22. gxf5 Rad8 23. Re2 Nb3 24. Nxb3 axb3+ 25. Kxb3 Rd3+ 26. Kc2 Rxa3
27. Rxe5 Rxf3 28. Rhe1 Ra3 29. Re8+ Rxe8 30. Rxe8+ Kf7 31. Rb8 Ra2+ 32. Kb3
Rxh2 33. Rxb7+ Kf6 34. c5 Rh3+ 35. Kb4 Rh4+ 36. Ka5 Rc4 37. Kb6 h5 38. Rb8 Kxf5
39. c6 Ke6 40. c7 g5 41. c8=Q+ Rxc8 42. Rxc8 h4 43. Rh8 Kf6 44. Kc6 Kg7 45. Rd8
h3 46. Rd2 Kg6 47. b6 1-0

[Event "4NCL Online Division 3"]
[Site "online"]
[Date "2020.04.21"]
[Round "3.121"]
[White "Hylands, Liam M"]
[Black "Srivastava, Arnav"]
[Result "1-0"]
[WhiteElo "1912"]
[BlackElo "1960"]
[PlyCount "47"]
[EventDate "2020.04.21"]
[WhiteTeam "Streatham B"]
[BlackTeam "Poisoned Pawns"]

1. e4 e5 2. Nf3 Nc6 3. Bc4 Bc5 4. c3 Nf6 5. d3 d6 6. O-O Bg4 7. h3 Bh5 8. Re1
O-O 9. Nbd2 Re8 10. Nf1 d5 11. exd5 Nxd5 12. Ng3 Bg6 13. Ne4 Bb6 14. b4 Bxe4
15. dxe4 Nxc3 16. Qb3 Bd4 17. Nxd4 exd4 18. Bxf7+ Kh8 19. Bxe8 Qxe8 20. Bb2 Qe5
21. Bxc3 dxc3 22. Rac1 Rd8 23. Qxc3 Qb5 24. Rcd1 1-0

[Event "4NCL Online Division 3"]
[Site "online"]
[Date "2020.04.21"]
[Round "3.122"]
[White "Trivedi, Aarnavh"]
[Black "Titorenko, Kostyantyn"]
[Result "1/2-1/2"]
[WhiteElo "1975"]
[BlackElo "1930"]
[PlyCount "113"]
[EventDate "2020.04.21"]
[WhiteTeam "Poisoned Pawns"]
[BlackTeam "Streatham B"]

1. d4 Nf6 2. Bf4 d5 3. e3 c5 4. c3 Nc6 5. Bd3 Qb6 6. Qc2 c4 7. Be2 Bf5 8. Qc1
g6 9. Nd2 Bg7 10. h3 Ne4 11. Nxe4 Bxe4 12. Nf3 O-O 13. O-O Rae8 14. Ng5 Bf5 15.
Rd1 h6 16. Nf3 Be4 17. Nd2 Bf5 18. e4 Bxe4 19. Nxe4 dxe4 20. Bxc4 e5 21. dxe5
Nxe5 22. Bxe5 Rxe5 23. Bb3 e3 24. fxe3 Rxe3 25. Kh1 Re2 26. Rd2 Qf2 27. Rxe2
Qxe2 28. Qc2 Qxc2 29. Bxc2 Rd8 30. Re1 Bf6 31. Re2 Bg5 32. Bb3 Kg7 33. Kg1 Rd2
34. Kf2 Rxe2+ 35. Kxe2 Bc1 36. Bd5 Bxb2 37. c4 b6 38. Kf3 f5 39. g4 fxg4+ 40.
hxg4 Kf6 41. a4 a5 42. Bc6 h5 43. gxh5 gxh5 44. Kg3 Kg5 45. Kh3 h4 46. Bd5 Be5
47. Bc6 Bf6 48. Bd5 Be7 49. Bc6 Kf4 50. Bb5 Ke5 51. Bc6 Kd4 52. Bb5 Kc5 53. Kg4
Bd8 54. Kh3 Be7 55. Kg4 Bd8 56. Kh3 Be7 57. Kg4 1/2-1/2

[Event "4NCL Online Division 3"]
[Site "online"]
[Date "2020.04.21"]
[Round "3.123"]
[White "Smith, Martin G"]
[Black "Volovich, Julia"]
[Result "0-1"]
[WhiteElo "1945"]
[BlackElo "1930"]
[PlyCount "56"]
[EventDate "2020.04.21"]
[WhiteTeam "Streatham B"]
[BlackTeam "Poisoned Pawns"]

1. d4 Nf6 2. c4 g6 3. Nc3 d5 4. Nf3 Bg7 5. h4 c6 6. Bg5 O-O 7. e3 Nh5 8. Qb3 h6
9. Bf4 Nxf4 10. exf4 c5 11. cxd5 cxd4 12. Ne4 a5 13. Bc4 a4 14. Qd1 b5 15. Bd3
Qxd5 16. h5 Bf5 17. Nfd2 Na6 18. O-O Nb4 19. Bb1 d3 20. Qf3 Bxb2 21. a3 Bxe4
22. Nxe4 Bxa1 23. axb4 Rfd8 24. hxg6 f5 25. Qh5 fxe4 26. Qxh6 Bg7 27. Qh7+ Kf8
28. g4 a3 0-1

[Event "4NCL Online Division 3"]
[Site "online"]
[Date "2020.04.21"]
[Round "3.124"]
[White "Dharmasena, Gavith"]
[Black "Fox, James"]
[Result "1-0"]
[WhiteElo "1915"]
[BlackElo "1870"]
[PlyCount "43"]
[EventDate "2020.04.21"]
[WhiteTeam "Poisoned Pawns"]
[BlackTeam "Streatham B"]

1. e4 c6 2. d4 g6 3. Nf3 Bg7 4. c3 d6 5. Bd3 Nf6 6. h3 O-O 7. Bg5 Qc7 8. Nbd2
Nbd7 9. O-O e5 10. Re1 a6 11. a4 h5 12. a5 Re8 13. Bh4 Nh7 14. Bg3 Ndf8 15. Nc4
Be6 16. dxe5 dxe5 17. Ncxe5 Qe7 18. Qc1 g5 19. Qe3 f6 20. Nc4 Rad8 21. Nd4 Bc8
22. Rad1 1-0

[Event "4NCL Online Division 3"]
[Site "online"]
[Date "2020.04.21"]
[Round "3.131"]
[White "Dicks, Duncan"]
[Black "Peacock, Malcolm R"]
[Result "1-0"]
[WhiteElo "2155"]
[BlackElo "2072"]
[PlyCount "49"]
[EventDate "2020.04.21"]
[WhiteTeam "Stroud The Young"]
[BlackTeam "Preston South End"]

1. e4 e6 2. d3 c5 3. Nd2 Nc6 4. Ngf3 g6 5. g3 Bg7 6. Bg2 Nge7 7. O-O d6 8. c3
e5 9. a4 O-O 10. Nc4 h6 11. Nh4 g5 12. Nf3 Bg4 13. Ne3 Be6 14. h4 Bf6 15. Nh2
gxh4 16. Qh5 hxg3 17. Nhg4 gxf2+ 18. Rxf2 Bg5 19. Nf5 Bxf5 20. exf5 f6 21.
Nxh6+ Bxh6 22. Bxh6 Rf7 23. Bd5 Nxd5 24. Rg2+ Kh8 25. Bg7+ 1-0

[Event "4NCL Online Division 3"]
[Site "online"]
[Date "2020.04.21"]
[Round "3.132"]
[White "Quinn, Kenny"]
[Black "Francis, Joel"]
[Result "0-1"]
[WhiteElo "1825"]
[BlackElo "1675"]
[PlyCount "94"]
[EventDate "2020.04.21"]
[WhiteTeam "Preston South End"]
[BlackTeam "Stroud The Young"]

1. e4 c6 2. d4 d5 3. Nc3 dxe4 4. Nxe4 Bf5 5. Ng3 Bg6 6. h4 h6 7. Nf3 Nd7 8. h5
Bh7 9. Bd3 Bxd3 10. Qxd3 e6 11. Bd2 Ngf6 12. Ne4 Nxe4 13. Qxe4 Nf6 14. Qe2 Be7
15. O-O-O b5 16. Kb1 a5 17. Ne5 Qd6 18. Bf4 Qd5 19. Rh3 O-O 20. g4 Nh7 21. Rhd3
a4 22. Be3 Ng5 23. f4 Ne4 24. Bg1 a3 25. b3 b4 26. Nc4 Rab8 27. Qe3 c5 28. dxc5
Nc3+ 29. Kc1 Qg2 30. Rxc3 bxc3 31. Qxc3 Qxg4 32. Ne5 Qxf4+ 33. Be3 Qf6 34. Bd4
Qf4+ 35. Be3 Qf6 36. Bd4 Rbd8 37. Nd7 Qf4+ 38. Be3 Qe4 39. Nxf8 Rxd1+ 40. Kxd1
Qh1+ 41. Kd2 Qg2+ 42. Kd3 Bf6 43. Qe1 Qd5+ 44. Ke2 Qxh5+ 45. Kd2 Kxf8 46. Qg3
Qd5+ 47. Kc1 Bb2+ 0-1

[Event "4NCL Online Division 3"]
[Site "online"]
[Date "2020.04.21"]
[Round "3.133"]
[White "Southcott-Moyers, Indy"]
[Black "Tuke, David"]
[Result "1/2-1/2"]
[WhiteElo "1442"]
[BlackElo "1675"]
[PlyCount "119"]
[EventDate "2020.04.21"]
[WhiteTeam "Stroud The Young"]
[BlackTeam "Preston South End"]

1. d4 d5 2. c4 e6 3. Nc3 Nf6 4. Bg5 Nbd7 5. e3 Be7 6. Nf3 h6 7. Bh4 O-O 8. Bd3
b6 9. cxd5 exd5 10. O-O Bb7 11. Rc1 c5 12. Re1 Re8 13. Bg3 Nh5 14. dxc5 bxc5
15. Bb5 Nxg3 16. hxg3 a6 17. Ba4 Rc8 18. Nxd5 Bf8 19. Nc3 Bc6 20. Bxc6 Rxc6 21.
Qa4 Qc8 22. Rcd1 Nb6 23. Qc2 Rd8 24. Rxd8 Qxd8 25. Rd1 Rd6 26. Kf1 Rxd1+ 27.
Qxd1 Qb8 28. Qc2 Qd6 29. Qd2 Qb8 30. Qe2 Qb7 31. b3 Na8 32. Nd2 Nc7 33. Nc4 Nb5
34. Nxb5 Qxb5 35. Nb2 Qa5 36. Nc4 Qb5 37. Qd2 Qb7 38. Qa5 Qd5 39. Ke2 Qxg2 40.
Qxa6 Qe4 41. Qa5 Qg4+ 42. Ke1 Qe4 43. Qd2 Be7 44. Kd1 Qb1+ 45. Ke2 Bf6 46. Na3
Qe4 47. Nc4 Qg4+ 48. Kf1 Qh3+ 49. Kg1 h5 50. Qd5 h4 51. Qa8+ Kh7 52. Qe4+ Kg8
53. Qe8+ Kh7 54. Qe4+ Kg8 55. gxh4 Bxh4 56. Qa8+ Kh7 57. Qg2 Qf5 58. e4 Qf4 59.
Ne3 Qe5 60. Qh2 1/2-1/2

[Event "4NCL Online Division 3"]
[Site "online"]
[Date "2020.04.21"]
[Round "3.134"]
[White "De Santos, Andrew"]
[Black "Carey, Alex"]
[Result "1-0"]
[WhiteElo "1546"]
[BlackElo "1442"]
[PlyCount "145"]
[EventDate "2020.04.21"]
[WhiteTeam "Preston South End"]
[BlackTeam "Stroud The Young"]

1. d4 d5 2. Nf3 Nf6 3. c3 Bf5 4. Bg5 Nbd7 5. e3 e6 6. Bd3 Bg6 7. h4 h6 8. Bf4
Bxd3 9. Qxd3 c5 10. O-O Be7 11. Nbd2 O-O 12. Bg3 Nh5 13. Qe2 Nxg3 14. fxg3 Qc7
15. Qf2 Bd6 16. Kh2 Nf6 17. Kh3 Nh5 18. Ne5 Bxe5 19. dxe5 Qxe5 20. Nf3 Qd6 21.
g4 Nf6 22. Nd2 e5 23. Rad1 Qe6 24. Qf5 Rad8 25. Qxe6 fxe6 26. g5 hxg5 27. hxg5
Nh7 28. Kh4 Rf7 29. g6 Rxf1 30. gxh7+ Kxh7 31. Rxf1 Kg6 32. Kg3 d4 33. exd4
exd4 34. cxd4 cxd4 35. Rc1 Rd7 36. Kf3 Kf5 37. Rc5+ e5 38. g4+ Kf6 39. Ke4 Kg5
40. Nf3+ Kf6 41. g5+ Ke6 42. Rxe5+ Kd6 43. Rd5+ Kc6 44. Rxd7 Kxd7 45. Kxd4 Kd6
46. Kc4 a6 47. a4 Kc6 48. g6 b6 49. Nd4+ Kd6 50. Nf5+ Ke6 51. Nxg7+ Kf6 52.
Ne8+ Kxg6 53. Nc7 b5+ 54. axb5 axb5+ 55. Kxb5 Kf7 56. Ka6 Ke7 57. b4 Kd7 58.
Nd5 Kc8 59. Ka7 Kd7 60. b5 Kd6 61. Nc3 Kc5 62. b6 Kc4 63. Ne2 Kd3 64. Ng1 Ke3
65. b7 Kf2 66. b8=Q Kxg1 67. Qb2 Kf1 68. Kb6 Ke1 69. Kc5 Kf1 70. Kd4 Kg1 71.
Ke3 Kh1 72. Kf3 Kg1 73. Qg2# 1-0

[Event "4NCL Online Division 3"]
[Site "online"]
[Date "2020.04.21"]
[Round "3.141"]
[White "Fletcher, John"]
[Black "Faulks, Nick"]
[Result "0-1"]
[WhiteElo "1994"]
[BlackElo "1960"]
[PlyCount "96"]
[EventDate "2020.04.21"]
[WhiteTeam "The Full Ponty"]
[BlackTeam "Surbiton 2"]

1. d4 Nf6 2. Nc3 d5 3. Bf4 c5 4. e3 cxd4 5. exd4 Qb6 6. Na4 Qc6 7. Nc5 e6 8. a4
a6 9. Nd3 Nbd7 10. Nf3 Bd6 11. Nfe5 Qc7 12. Be2 Ne4 13. f3 f6 14. fxe4 fxe5 15.
dxe5 Nxe5 16. Nxe5 Bxe5 17. Bxe5 Qxe5 18. O-O dxe4 19. Ra3 Bd7 20. Qd2 O-O-O
21. Qb4 Bc6 22. Rc3 Qd4+ 23. Qxd4 Rxd4 24. Bxa6 Kb8 25. Bb5 Bxb5 26. axb5 Rc8
27. Ra3 Rxc2 28. b6 Rdc4 29. b3 Rc6 30. Rf8+ Rc8 31. Rxc8+ Rxc8 32. Kf2 Rc2+
33. Ke3 Rxg2 34. Kxe4 Rxh2 35. Ke5 Rh3 36. Kxe6 Rh6+ 37. Kf7 Rxb6 38. Kxg7 Ra6
39. Rxa6 bxa6 40. Kxh7 Kb7 41. Kg6 Kb6 42. Kf5 Kb5 43. Ke4 Kb4 44. Kd3 Kxb3 45.
Kd2 Kb2 46. Kd3 a5 47. Kc4 a4 48. Kb4 a3 0-1

[Event "4NCL Online Division 3"]
[Site "online"]
[Date "2020.04.21"]
[Round "3.142"]
[White "Ratnesan, Rajeiv"]
[Black "Jones, Ian Robert"]
[Result "0-1"]
[WhiteElo "1945"]
[BlackElo "1944"]
[PlyCount "96"]
[EventDate "2020.04.21"]
[WhiteTeam "Surbiton 2"]
[BlackTeam "The Full Ponty"]

1. Nf3 Nc6 2. g3 e5 3. d3 d6 4. Bg2 g6 5. O-O Bg7 6. c4 f5 7. Nc3 Nf6 8. Rb1 a5
9. a3 O-O 10. b4 axb4 11. axb4 h6 12. b5 Ne7 13. Bb2 g5 14. Qb3 Nd7 15. c5+ Kh8
16. cxd6 cxd6 17. e4 Nc5 18. Qc2 f4 19. Nd2 Bg4 20. f3 Be6 21. Ra1 Rxa1 22.
Rxa1 Qb6 23. Kh1 fxg3 24. hxg3 Qd8 25. Na4 Nxa4 26. Qxa4 Qb6 27. Rf1 Bd7 28.
Nc4 Qxb5 29. Qxb5 Bxb5 30. Nxd6 Bxd3 31. Re1 Ba6 32. Kg1 Kh7 33. Kf2 Rd8 34.
Ba3 Nc6 35. Nf5 Rd2+ 36. Kg1 Be2 37. Bc1 Rd1 38. Kf2 Rxe1 39. Kxe1 Bc4 40. Be3
b5 41. Nd6 Nd4 42. Kd2 Bf8 43. Nxc4 bxc4 44. Kc3 Ne2+ 45. Kxc4 Nxg3 46. Kd5 Bg7
47. Bc5 Ne2 48. Bd6 Nf4+ 0-1

[Event "4NCL Online Division 3"]
[Site "online"]
[Date "2020.04.21"]
[Round "3.143"]
[White "Goldrick, Thomas G"]
[Black "Bayly, Liam"]
[Result "1/2-1/2"]
[WhiteElo "1879"]
[BlackElo "1937"]
[PlyCount "111"]
[EventDate "2020.04.21"]
[WhiteTeam "The Full Ponty"]
[BlackTeam "Surbiton 2"]

1. d4 Nf6 2. Bf4 c5 3. d5 Qb6 4. Nc3 d6 5. e4 g6 6. Qd2 Bg7 7. f3 Nh5 8. Nd1
Nxf4 9. Qxf4 Bxb2 10. Rb1 Qa5+ 11. Qd2 Qxd2+ 12. Kxd2 Be5 13. Bb5+ Nd7 14. a4
a6 15. Bd3 O-O 16. Ne2 f5 17. exf5 gxf5 18. f4 Bg7 19. Ne3 Nf6 20. c4 Ng4 21.
Nc2 Nf2 22. Rhf1 Nxd3 23. Kxd3 Rb8 24. Ne3 e5 25. dxe6 Bxe6 26. Rb6 Rfd8 27.
Rfb1 Bd7 28. a5 Bc6 29. Nxf5 Re8 30. Neg3 Bf8 31. Ne3 Bh6 32. Nd5 Bxd5 33. cxd5
Bxf4 34. Nf5 Bxh2 35. Nxd6 Red8 36. Nxb7 Rxd5+ 37. Kc4 Rg5 38. R1b2 Bg1 39.
Rxa6 Bd4 40. Rb1 Rxg2 41. Rab6 Ra2 42. a6 h5 43. Kb3 Rxa6 44. Rxa6 Rxb7+ 45.
Kc2 Rxb1 46. Kxb1 h4 47. Rh6 Bf2 48. Kc2 Kg7 49. Rh5 Kg6 50. Rh8 Kg5 51. Kd3
Kg4 52. Rg8+ Kf3 53. Rh8 Bg3 54. Kc4 Kg2 55. Rxh4 Bxh4 56. Kxc5 1/2-1/2

[Event "4NCL Online Division 3"]
[Site "online"]
[Date "2020.04.21"]
[Round "3.144"]
[White "Hogarth, Mark J"]
[Black "Hughes, Anthony"]
[Result "1-0"]
[WhiteElo "1902"]
[BlackElo "1873"]
[PlyCount "105"]
[EventDate "2020.04.21"]
[WhiteTeam "Surbiton 2"]
[BlackTeam "The Full Ponty"]

1. e4 Nf6 2. Nc3 d5 3. exd5 Nxd5 4. Nxd5 Qxd5 5. h3 Nc6 6. Nf3 Bf5 7. d3 O-O-O
8. Be2 g6 9. O-O Bg7 10. Re1 Rhe8 11. Ng5 Nd4 12. Bf1 f6 13. Ne4 e5 14. c3 Nc6
15. Qa4 Qa5 16. Qxa5 Nxa5 17. g4 Be6 18. b4 Nc6 19. g5 f5 20. Nf6 Bxf6 21. gxf6
Bf7 22. b5 Nb8 23. Ba3 Re6 24. Be7 Rd7 25. Re3 c6 26. a4 Kc7 27. Rae1 e4 28. c4
a6 29. dxe4 Rxe4 30. Rxe4 fxe4 31. Rxe4 Rd1 32. c5 cxb5 33. axb5 Nd7 34. Bd6+
Kd8 35. bxa6 bxa6 36. Re7 Bc4 37. f7 Rxf1+ 38. Kg2 Bxf7 39. Kxf1 Bc4+ 40. Ke1
Bb5 41. Rxh7 Kc8 42. Kd2 Nf6 43. Rg7 g5 44. Ke3 Nd5+ 45. Kd4 Nf4 46. Bxf4 gxf4
47. Ke4 Bd7 48. h4 a5 49. h5 Ba4 50. Ra7 Bc2+ 51. Kxf4 a4 52. h6 Kb8 53. Rxa4
1-0

[Event "4NCL Online Division 3"]
[Site "online"]
[Date "2020.04.21"]
[Round "3.151"]
[White "Weatherlake, John P"]
[Black "Boardman, Jeffrey"]
[Result "0-1"]
[WhiteElo "1890"]
[BlackElo "1975"]
[PlyCount "72"]
[EventDate "2020.04.21"]
[WhiteTeam "Wessex Some Stars B"]
[BlackTeam "Railsport"]

1. e4 c6 2. d3 d5 3. Nd2 e5 4. Ngf3 Bd6 5. d4 exd4 6. exd5 cxd5 7. Bb5+ Bd7 8.
Qe2+ Qe7 9. Nxd4 Qxe2+ 10. Bxe2 a6 11. O-O Nf6 12. Rd1 O-O 13. Nf1 Nc6 14. Nb3
h6 15. Ne3 Be6 16. Bf3 Rad8 17. c3 Ne5 18. Be2 Neg4 19. h3 Bh2+ 20. Kf1 Nxe3+
21. Bxe3 Bd6 22. Bf3 Ne4 23. Bxe4 dxe4 24. Bb6 Rd7 25. Rd4 Bb8 26. Rxe4 Rc8 27.
Be3 Rcd8 28. Ke1 Bd5 29. Rg4 f5 30. Rg6 Kf7 31. Rb6 Ba7 32. Rb4 Bxe3 33. fxe3
Bxg2 34. h4 g5 35. Rb6 Rd6 36. Rxb7+ Bxb7 0-1

[Event "4NCL Online Division 3"]
[Site "online"]
[Date "2020.04.21"]
[Round "3.152"]
[White "McGovern, Derek P"]
[Black "Pentakota, Rajasekhar"]
[Result "1/2-1/2"]
[WhiteElo "1855"]
[BlackElo "1858"]
[PlyCount "98"]
[EventDate "2020.04.21"]
[WhiteTeam "Railsport"]
[BlackTeam "Wessex Some Stars B"]

1. e4 c5 2. c3 e6 3. d4 d5 4. e5 Nc6 5. Nf3 Bd7 6. dxc5 Bxc5 7. b4 Bb6 8. Bd3
Qc7 9. Qe2 Nxb4 10. Ba3 Nxd3+ 11. Qxd3 Bc5 12. O-O Rc8 13. Rc1 Qb6 14. Bxc5
Qxc5 15. Nbd2 Bb5 16. Qc2 Bc4 17. Nxc4 Qxc4 18. Rab1 Rc7 19. Nd4 a6 20. Rb6 Nh6
21. Qb2 O-O 22. h3 Rb8 23. Nf3 Nf5 24. a3 d4 25. Rb4 dxc3 26. Rxc4 cxb2 27.
Rxc7 bxc1=Q+ 28. Rxc1 h6 29. Kf1 b5 30. Rc7 a5 31. g4 b4 32. axb4 axb4 33. gxf5
exf5 34. Nd4 b3 35. Rc1 b2 36. Rb1 f4 37. Ke2 g5 38. Kd3 Kg7 39. Kc3 Re8 40.
Nf3 Kg6 41. Rxb2 h5 42. Rb4 Rc8+ 43. Kd3 Kf5 44. Nd4+ Kxe5 45. Rb5+ Kf6 46.
Rb6+ Ke5 47. Rb5+ Kf6 48. Rb6+ Ke5 49. Rb5+ Kf6 1/2-1/2

[Event "4NCL Online Division 3"]
[Site "online"]
[Date "2020.04.21"]
[Round "3.153"]
[White "Adaway, William"]
[Black "Mugalu, Hassan"]
[Result "1-0"]
[WhiteElo "1857"]
[BlackElo "1847"]
[PlyCount "89"]
[EventDate "2020.04.21"]
[WhiteTeam "Wessex Some Stars B"]
[BlackTeam "Railsport"]

1. c4 Nf6 2. Nc3 e5 3. Nf3 Nc6 4. a3 b6 5. e3 Bb7 6. d4 e4 7. Nd2 Qe7 8. Qc2
O-O-O 9. d5 Ne5 10. Ndxe4 Re8 11. Nxf6 Qxf6 12. Be2 h5 13. h3 g5 14. Bd2 g4 15.
Ne4 Qg6 16. O-O-O Bg7 17. f3 f5 18. Nc3 g3 19. f4 Nf7 20. Bd3 Nd6 21. Rhe1 Rhf8
22. Re2 Kb8 23. Rde1 c6 24. e4 fxe4 25. Nxe4 Nxe4 26. Bxe4 Qf6 27. dxc6 Bxc6
28. Bxc6 Rxe2 29. Rxe2 dxc6 30. Kb1 Bh6 31. Bc3 Qf7 32. Be5+ Kb7 33. Qe4 Qd7
34. Ka2 Qd1 35. Re3 h4 36. Qh7+ Ka6 37. Qxh6 Rd8 38. Qxc6 Qc1 39. Bc7 Rd1 40.
Qb5+ Kb7 41. Re7 Qb1+ 42. Kb3 Rd3+ 43. Ka4 Qd1+ 44. b3 Qd2 45. Bd6+ 1-0

[Event "4NCL Online Division 3"]
[Site "online"]
[Date "2020.04.21"]
[Round "3.154"]
[White "Broad, Michael J"]
[Black "Krawczuk, Michael J"]
[Result "1-0"]
[WhiteElo "1720"]
[BlackElo "1828"]
[PlyCount "65"]
[EventDate "2020.04.21"]
[WhiteTeam "Railsport"]
[BlackTeam "Wessex Some Stars B"]

1. d4 e6 2. c4 Nf6 3. Nc3 Bb4 4. Nf3 b6 5. Bg5 h6 6. Bxf6 Qxf6 7. e3 O-O 8. Bd3
c5 9. O-O d5 10. e4 cxd4 11. Nb5 a6 12. Nbxd4 e5 13. Nc2 dxc4 14. Bxc4 Be7 15.
Ne3 Ra7 16. Qe2 Be6 17. Rfd1 b5 18. Bd5 Nd7 19. a4 b4 20. Nc4 a5 21. b3 Rc8 22.
Rac1 Rac7 23. Qb2 Bxd5 24. exd5 Bd6 25. Nxd6 Qxd6 26. Rxc7 Rxc7 27. Rc1 Qxd5
28. Re1 Rc3 29. h3 f6 30. Qe2 Rd3 31. Rc1 Nf8 32. Rc8 Qxb3 33. Nh4 1-0

[Event "4NCL Online Division 3"]
[Site "online"]
[Date "2020.04.21"]
[Round "3.161"]
[White "Yeo, Gareth"]
[Black "Menadue, Jeremy F S"]
[Result "1-0"]
[WhiteElo "1980"]
[BlackElo "1996"]
[PlyCount "89"]
[EventDate "2020.04.21"]
[WhiteTeam "West is Best 2"]
[BlackTeam "Falmouth & Truro"]

1. d4 Nf6 2. c4 d6 3. Nc3 Nbd7 4. Nf3 e5 5. Bg5 c6 6. e3 Be7 7. Qc2 O-O 8. Be2
Qc7 9. O-O a6 10. Rfd1 Re8 11. Rac1 b6 12. b4 Bb7 13. h3 Bf8 14. Bh4 Rac8 15.
Bg3 Qb8 16. dxe5 dxe5 17. c5 bxc5 18. Bc4 Nb6 19. Ne4 Nxe4 20. Qxe4 Nxc4 21.
Qxc4 Rcd8 22. Nxe5 Rxd1+ 23. Rxd1 Rxe5 24. Bxe5 Qxe5 25. Rd7 Qa1+ 26. Kh2 Qe5+
27. f4 Qf6 28. Rxb7 cxb4 29. Qxa6 g5 30. Qc4 gxf4 31. exf4 Bd6 32. Kg3 h5 33.
Qe4 h4+ 34. Kg4 c5 35. Ra7 Qg7+ 36. Kxh4 Qh6+ 37. Kg3 Qg5+ 38. Kf3 Qh5+ 39. Ke3
c4 40. Ra8+ Bf8 41. Qxc4 Qd1 42. Qxb4 Qg1+ 43. Kf3 Qd1+ 44. Kg3 Qd3+ 45. Kh2
1-0

[Event "4NCL Online Division 3"]
[Site "online"]
[Date "2020.04.21"]
[Round "3.162"]
[White "Willis, Toby W"]
[Black "Homer, Stephen J"]
[Result "1-0"]
[WhiteElo "1892"]
[BlackElo "1988"]
[PlyCount "101"]
[EventDate "2020.04.21"]
[WhiteTeam "Falmouth & Truro"]
[BlackTeam "West is Best 2"]

1. d4 Nf6 2. c4 e6 3. Nf3 Bb4+ 4. Nbd2 O-O 5. a3 Be7 6. e4 d5 7. e5 Nfd7 8.
cxd5 exd5 9. Bd3 c5 10. O-O cxd4 11. Qc2 h6 12. Nb3 Nc6 13. Re1 Qb6 14. e6 Nc5
15. Nxc5 Qxc5 16. exf7+ Kxf7 17. Qxc5 Bxc5 18. b4 Bb6 19. b5 Na5 20. Ne5+ Kg8
21. Ng6 Rd8 22. Rb1 Nc4 23. Bf4 Bg4 24. h3 Bh5 25. Re7 Bc5 26. Rxb7 Nxa3 27.
Ra1 Nc4 28. Rc7 Bd6 29. Bxd6 Rxd6 30. Nf4 a5 31. Nxh5 g6 32. Nf4 Ne5 33. Bf1 g5
34. Nd3 Nc4 35. Nc5 Rb6 36. Bxc4 dxc4 37. Ne4 c3 38. Rd1 Rd8 39. Nxc3 d3 40.
Kf1 Re6 41. Nb1 Re5 42. b6 Rb5 43. b7 Kf8 44. Nc3 Rb3 45. Rc8 Ke8 46. Rxd8+
Kxd8 47. Rxd3+ Ke8 48. Ne4 Rb1+ 49. Ke2 Ke7 50. Nc5 Rb5 51. Rb3 1-0

[Event "4NCL Online Division 3"]
[Site "online"]
[Date "2020.04.21"]
[Round "3.163"]
[White "Jukes, Sam"]
[Black "Kostadinov, Boris K"]
[Result "1-0"]
[WhiteElo "1871"]
[BlackElo "1622"]
[PlyCount "74"]
[EventDate "2020.04.21"]
[WhiteTeam "West is Best 2"]
[BlackTeam "Falmouth & Truro"]

1. e4 c5 2. Nf3 d6 3. d4 cxd4 4. Qxd4 Nf6 5. Bb5+ Bd7 6. a4 Nc6 7. Bxc6 Bxc6 8.
Nc3 e6 9. Bg5 Be7 10. O-O O-O 11. Rfd1 Qb6 12. b4 Qxd4 13. Nxd4 h6 14. Nxc6
bxc6 15. Bh4 g5 16. Bg3 d5 17. e5 Nh5 18. Rab1 Rfb8 19. b5 Nxg3 20. hxg3 c5 21.
g4 Bd8 22. g3 Ba5 23. Ne2 Rb6 24. c4 d4 25. Nxd4 cxd4 26. c5 Rbb8 27. Rxd4 Rd8
28. Rd6 Kf8 29. Rbd1 Ke7 30. c6 Bb6 31. Kg2 Rac8 32. f4 Bc5 33. Rd7+ Ke8 34. a5
Be3 35. Kf3 Bc5 36. R1d3 Rb8 37. c7 Rxb5 1-0

[Event "4NCL Online Division 3"]
[Site "online"]
[Date "2020.04.21"]
[Round "3.164"]
[White "Jones, Bryan"]
[Black "Davis, Ashley J"]
[Result "0-1"]
[WhiteElo "1630"]
[BlackElo "1852"]
[PlyCount "43"]
[EventDate "2020.04.21"]
[WhiteTeam "Falmouth & Truro"]
[BlackTeam "West is Best 2"]

1. d4 Nf6 2. Nf3 g6 3. Nc3 Bg7 4. e4 d6 5. Bc4 O-O 6. Bg5 Nbd7 7. e5 dxe5 8.
dxe5 Ne8 9. e6 fxe6 10. Bxe6+ Kh8 11. Qd2 Nd6 12. Rd1 Nb6 13. Nd4 c5 14. Bxc8
cxd4 15. Ne2 Rxc8 16. Nxd4 Nbc4 17. Qc1 Qa5+ 18. Bd2 Nxd2 19. Qxd2 Qxd2+ 20.
Rxd2 Ne4 21. Re2 Nxf2 22. Nf3 0-1